Normal view
MARC view
- Detective and mystery plays, English
Entry Topical Term
001 - CONTROL NUMBER
- control field: 28088
003 - CONTROL NUMBER IDENTIFIER
- control field: NUST
005 - DATE AND TIME OF LATEST TRANSACTION
- control field: 20200127121337.0
008 - FIXED-LENGTH DATA ELEMENTS
- fixed length control field: 200127|| aca||aabn | a|a d
040 ## - CATALOGING SOURCE
- Original cataloging agency: NUST
- Transcribing agency: NUST
150 ## - HEADING--TOPICAL TERM
- Topical term or geographic name entry element: Detective and mystery plays, English
670 ## - SOURCE DATA FOUND
- Source citation: Work cat.: (NUST): Christie, Agatha, 1890-1976. 28087, The mousetrap and selected plays, 1954
